[Event "Rodovre-ch B"]
[Site "Rodovre"]
[Date "2007.10.02"]
[Round "5"]
[White "Rugaard, Michael R"]
[Black "Nielsen, Kurt Sogaard"]
[Result "0-1"]
[WhiteElo "1442"]
[BlackElo "1594"]
[PlyCount "82"]
[EventDate "2007.09.04"]
[EventType "tourn"]
[EventRounds "7"]
[EventCountry "DEN"]
[SourceTitle "EXT 2023"]
[Source "ChessBase"]
[SourceDate "2022.10.05"]
[SourceVersion "1"]
[SourceVersionDate "2022.10.05"]
[SourceQuality "1"]

1. e4 e5 2. Nf3 Nc6 3. Bc4 d6 4. c3 Na5 5. Be2 Nf6 6. d3 Be7 7. Be3 Ng4 8. 0-0 0-0 9. d4 Nxe3 10. fxe3 exd4 11. exd4 Re8 12. Nbd2 Bf6 13. Bd3 Nc6 14. Qc2 h6 15. Rf2 Bg4 16. Raf1 Bh5 17. Qb3 Rb8 18. Bb1 Rf8 19. Qc2 Bg6 20. Qd1 Bh5 21. b4 a6 22. Kh1 Qe7 23. Nc4 b5 24. Ne3 Bg6 25. Nd5 Qd8 26. Nd2 Bg5 27. Nf3 Bh5 28. Qd3 Bg6 29. Nxg5 Qxg5 30. Nf4 Bh7 31. Qf3 Qf6 32. e5 dxe5 33. Bxh7+ Kxh7 34. Qe4+ Kg8 35. Nh5 Qg6 36. Nf6+ Kh8 37. Qxg6 fxg6 38. Nd7 Rxf2 39. Rxf2 Rd8 40. Nc5 exd4 41. Nd3 dxc3 0-1

[Event "Rodovre-ch B"]
[Site "Rodovre"]
[Date "2007.09.18"]
[Round "3"]
[White "Rugaard, Michael R"]
[Black "Gemzoe, Bjorn"]
[Result "1-0"]
[WhiteElo "1442"]
[BlackElo "1524"]
[PlyCount "127"]
[EventDate "2007.09.04"]
[EventType "tourn"]
[EventRounds "7"]
[EventCountry "DEN"]
[SourceTitle "EXT 2023"]
[Source "ChessBase"]
[SourceDate "2022.10.05"]
[SourceVersion "1"]
[SourceVersionDate "2022.10.05"]
[SourceQuality "1"]

1. e4 b6 2. d4 e6 3. c4 Bb4+ 4. Bd2 Be7 5. Bd3 c5 6. d5 d6 7. Ne2 e5 8. 0-0 g6 9. Bc3 h5 10. f4 f6 11. Ng3 Bg4 12. Be2 Bxe2 13. Qxe2 h4 14. Nh1 Qd7 15. h3 Na6 16. a3 0-0-0 17. b4 g5 18. fxe5 dxe5 19. Nf2 Nh6 20. Nd2 Rhg8 21. Nb3 Rg7 22. bxc5 Nxc5 23. Nd2 Rdg8 24. Ng4 Nxg4 25. Qxg4 Qxg4 26. hxg4 Na4 27. Bb4 Nc5 28. Rf3 a5 29. Bxc5 Bxc5+ 30. Kh2 Rg6 31. a4 Rh8 32. Nb1 Rgh6 33. Nc3 h3 34. gxh3 Rh4 35. Rd1 Rxg4 36. Rxf6 Rf4 37. Rxf4 gxf4 38. Rd3 Rg8 39. h4 Bg1+ 40. Kh1 Bf2 41. h5 Bg3 42. Ne2 Bh4 43. Rh3 Bg5 44. Ng1 Bh6 45. Nf3 Re8 46. Nh4 Bg5 47. Nf5 Rh8 48. Kg2 Kd7 49. Kf3 Bh6 50. Rh2 Bf8 51. h6 Be7 52. Rg2 Bf6 53. Rg6 Rf8 54. Ng7 Bxg7 55. Rxg7+ Kd6 56. Rb7 Kc5 57. h7 Rh8 58. Kg4 Rf8 59. Rg7 Rh8 60. Rf7 Re8 61. Kg5 Kd4 62. Kg6 Kxe4 63. Kg7 f3 64. h8Q 1-0

[Event "Rodovre-ch C"]
[Site "Rodovre"]
[Date "2006.10.24"]
[Round "7"]
[White "Foss, Kim"]
[Black "Rugaard, Michael R"]
[Result "1/2-1/2"]
[WhiteElo "1293"]
[BlackElo "1343"]
[PlyCount "125"]
[EventDate "2006.09.05"]
[EventType "tourn"]
[EventRounds "7"]
[EventCountry "DEN"]
[SourceTitle "EXT 2023"]
[Source "ChessBase"]
[SourceDate "2022.10.05"]
[SourceVersion "1"]
[SourceVersionDate "2022.10.05"]
[SourceQuality "1"]

1. b4 e6 2. Bb2 Nf6 3. a3 b6 4. c4 c5 5. b5 Bb7 6. e3 d5 7. d4 dxc4 8. Nf3 Bd5 9. Nbd2 Qd7 10. a4 a6 11. Nxc4 Qc7 12. Nce5 a5 13. Rc1 Nbd7 14. Nxd7 Nxd7 15. Be2 Bd6 16. 0-0 0-0 17. h3 Rac8 18. dxc5 Bxc5 19. Nd4 Rfd8 20. Bf3 Nb8 21. Bxd5 Rxd5 22. Qg4 g6 23. Nxe6 Qd7 24. Nxc5 Qxg4 25. hxg4 Rdxc5 26. Rxc5 bxc5 27. Rc1 Nd7 28. Bc3 Nb6 29. Bxa5 Nxa4 30. Ra1 Nb2 31. Rb1 Nc4 32. Bc3 Nb6 33. Kf1 Kf8 34. g5 Ke7 35. Bf6+ Kd7 36. Rd1+ Ke6 37. Ra1 Ra8 38. Rb1 Rb8 39. f4 Nd5 40. Re1 Nxf6 41. gxf6 Rxb5 42. Rc1 Kxf6 43. Ke2 Ke6 44. Rd1 c4 45. Rc1 Rc5 46. Rc2 h5 47. e4 Rc6 48. Ke3 f5 49. e5 Kd5 50. g3 Kc5 51. Rc3 Rb6 52. Rc2 Rb3+ 53. Kf2 Kd4 54. Rd2+ Ke4 55. Re2+ Kd4 56. e6 Rb8 57. e7 Re8 58. Ke1 c3 59. Kd1 Kd3 60. Re6 c2+ 61. Kc1 Kc3 62. Rc6+ Kd3 63. Rd6+ 1/2-1/2